• 首页
  • 本馆介绍
  • 公告通知
  • 最新文献
  • 馆藏检索
  • 电子资源
  • 读者导购
  • 参考咨询
  • 我的图书馆
  • 登录
  • 详细信息显示
  • 放入我的书架
  • 预约/预借图书
  • 作者相关作品
  • 分类相关作品
  • 丛书相关作品
  • 出版社相关作品

书目信息

  • 表格格式
  • 工作单格式
  • 卡片格式
题名:
信仰与理性
    
 
作者: 王晓朝 主编
分册:  
出版信息: 北京   东方出版社  2001
页数: 323页
开本: 20cm
丛书名:
单 册:
中图分类: B503.1
科图分类:
主题词: 教父哲学--思想史--世界--古代
电子资源:
ISBN: 7-5060-1492-0
000 00902nam0 2200229 45
001 012001092206
005 20041220091430.3
010    @a7-5060-1492-0@dCNY21.00
100    @a20011121d2001 em y0chiy0110 ea
101 0  @achi
102    @aCN@b110000
105    @ab z 000yc
200 1  @a信仰与理性@AXin Yang Yu Li Xing@e古代基督教教父思想家评传@EGu Dai Ji Du Jiao Jiao Fu Si Xiang Jia Ping Chuan@f王晓朝主编@FWang Xiao Chao Zhu Bian
210    @a北京@c东方出版社@d2001
215    @a323页@c地图@d20cm
330    @a本书选择查士丁、奥利金、德尔图良、奥古斯丁等最具有代表性的16位教父思想家进行个案考察,以推动中国学术界的教父学研究和基督教文化研究。
517    @a古代基督教教父思想家评传@AGu Dai Ji Du Jiao Jiao Fu Si Xiang Jia Ping Chuan
606 0  @a教父哲学@x思想史@y世界@z古代
690    @aB503.1@v4
701  0 @a王晓朝@4主编
801  0 @aCN@bNLC@c20011127
905    @b340659-663@dB503.1@e47@f5
    
    信仰与理性:古代基督教教父思想家评传/王晓朝主编.-北京:东方出版社,2001
    323页:地图;20cm
    
    
    ISBN 7-5060-1492-0:CNY21.00
    本书选择查士丁、奥利金、德尔图良、奥古斯丁等最具有代表性的16位教父思想家进行个案考察,以推动中国学术界的教父学研究和基督教文化研究。
●
相关链接 在E读中查询图书 在五车中查询图书 在当当中查询图书 在豆瓣中查询图书


正题名:信仰与理性     索取号:B503.1/47         预约/预借

序号 登录号 条形码 馆藏地/架位号 状态 备注
1 0340659   203406590   第一样本阅览室/ [索取号:B503.1/47] 在馆    
2 0340660   203406607   第一借阅区/ [索取号:B503.1/47] 在馆    
3 0340661   203406616   第一借阅区/ [索取号:B503.1/47] 在馆    
4 0340662   203406625   第一借阅区/ [索取号:B503.1/47] 在馆    
5 0340663   203406634   第一借阅区/ [索取号:B503.1/47] 在馆    
唐山师范学院图书馆 欢迎您!
大连网信软件有限公司© 版权所有